Statistics for Valid Animal by Ability

Click here to take the quiz!

General Stats

  • This quiz has been taken 74 times
  • The average score is 8 of 15

Answer Stats

CategoryAnswer% Correct
Mammals that lay eggsechidna | platypus
97%
Fish that can cause electric shockselectric catfish | electric eel | electric ray | stargazers
84%
Animals that have passed the mirror test (an intelligence test)Asian elephant | bluestreak cleaner wrasse | bonobo | Bornean orangutan | bottlenose dolphin | chimpanzee | Eurasian magpie | false killer whale | killer whale | pigeon
81%
Sharks that are filter feedersbasking shark | megamouth shark | whale shark
74%
Mammals that produce venomEuropean mole | platypus | shrew | slow loris | solenodon | vampire bat
71%
Mammals that can dive to at least 2,250 metresCuvier's beaked whale | southern elephant seal | sperm whale
65%
Birds that can fly at or over 200 mph (321.869 km/h)golden eagle | peregrine falcon
65%
Deer species that rutelk | fallow deer | moose
52%
Fish that breathe air using lung-like organsbichir | lungfish
47%
Amphibians that can weigh up to or over 1.4 kgAfrican bullfrog | cane toad | Chinese giant salamander | goliath frog | hellbender | Japanese giant salamander | South China giant salamander
45%
Lizards that can expel salt (using salt glands)mangrove monitor | marine iguana | rusty monitor
44%
Insects with a sting classed as Pain Level 4 on the Schmidt sting pain index (i.e. incredibly painful)bullet ant | tarantula hawk | warrior wasp
40%
Birds that can fly as high as 4,800 metres or higherAlpine chough | Andean condor | bar-headed goose | bar-tailed godwit | bearded vulture | common crane | mallard | Rüppell's vulture | white stork | whooper swan
27%
Reptiles that use their tongues as luresalligator snapping turtle | aquatic garter snake | common watersnake | diamondback water snake | puff adder | salt marsh snake
24%
Animals that photosynthesise or contain organisms that photosynthesiseblue dragon | coral | eastern emerald elysia | rhabdocoels | sap-sucking slug | sea anemone | sponge
24%

Score Distribution

Percentile by Number Answered

Percent of People with Each Score

Your Score History

You have not taken this quiz